<?xml version="1.0" encoding="UTF-8"?><?xml-stylesheet type="text/xsl" href="static/style.xsl"?><OAI-PMH xmlns="http://www.openarchives.org/OAI/2.0/" xmlns:xsi="http://www.w3.org/2001/XMLSchema-instance" xsi:schemaLocation="http://www.openarchives.org/OAI/2.0/ http://www.openarchives.org/OAI/2.0/OAI-PMH.xsd"><responseDate>2026-04-17T03:35:47Z</responseDate><request verb="GetRecord" identifier="oai:www.recercat.cat:2445/115983" metadataPrefix="marc">https://recercat.cat/oai/request</request><GetRecord><record><header><identifier>oai:recercat.cat:2445/115983</identifier><datestamp>2025-12-05T06:08:25Z</datestamp><setSpec>com_2072_1057</setSpec><setSpec>col_2072_478787</setSpec><setSpec>col_2072_478917</setSpec></header><metadata><record xmlns="http://www.loc.gov/MARC21/slim" xmlns:dcterms="http://purl.org/dc/terms/" xmlns:xsi="http://www.w3.org/2001/XMLSchema-instance" xmlns:doc="http://www.lyncode.com/xoai" xsi:schemaLocation="http://www.loc.gov/MARC21/slim http://www.loc.gov/standards/marcxml/schema/MARC21slim.xsd">
   <leader>00925njm 22002777a 4500</leader>
   <datafield ind2=" " ind1=" " tag="042">
      <subfield code="a">dc</subfield>
   </datafield>
   <datafield ind2=" " ind1=" " tag="720">
      <subfield code="a">Buisan Espeleta, Lídia</subfield>
      <subfield code="e">author</subfield>
   </datafield>
   <datafield ind2=" " ind1=" " tag="260">
      <subfield code="c">2017-09-28T13:43:58Z</subfield>
   </datafield>
   <datafield ind2=" " ind1=" " tag="260">
      <subfield code="c">2017-09-28T13:43:58Z</subfield>
   </datafield>
   <datafield ind2=" " ind1=" " tag="260">
      <subfield code="c">2013</subfield>
   </datafield>
   <datafield ind2=" " ind1=" " tag="520">
      <subfield code="a">Segurament poques qüestions són tan rellevants per als ciutadans usuaris de la sanitat com les dades personals de salut. En poc temps, la vulnerabilitat d’aquestes dades s’ha aguditzat per la implementació de les històries clíniques compartides i dipositades en un cloud sanitari que, si bé facilita l’accés a la informació dels malalts, no garanteix que el titular de la informació tingui prou coneixement sobre quines dades es comparteixen, qui les comparteix i per quins motius. &#xd;
&#xd;
En aquest llibre Lídia Buisan, metgessa i advocada, proposa amb valentia un replantejament del secret mèdic en la relació assistencial dins el marc de la història clínica compartida, així com una reconsideració del paper dels metges, que han de vetllar pel respecte a la intimitat dels ciutadans. La confidencialitat en l’assistència sanitària aprofundeix en aspectes controvertits de l’àmbit de la bioètica, de la pràctica mèdica i dels drets humans, i hi aporta solucions concretes.</subfield>
   </datafield>
   <datafield tag="653" ind2=" " ind1=" ">
      <subfield code="a">Assistència mèdica</subfield>
   </datafield>
   <datafield tag="653" ind2=" " ind1=" ">
      <subfield code="a">Ètica professional</subfield>
   </datafield>
   <datafield tag="653" ind2=" " ind1=" ">
      <subfield code="a">Històries clíniques</subfield>
   </datafield>
   <datafield tag="653" ind2=" " ind1=" ">
      <subfield code="a">Protecció de dades</subfield>
   </datafield>
   <datafield tag="653" ind2=" " ind1=" ">
      <subfield code="a">Catalunya</subfield>
   </datafield>
   <datafield tag="653" ind2=" " ind1=" ">
      <subfield code="a">Medical care</subfield>
   </datafield>
   <datafield tag="653" ind2=" " ind1=" ">
      <subfield code="a">Professional ethics</subfield>
   </datafield>
   <datafield tag="653" ind2=" " ind1=" ">
      <subfield code="a">Medical records</subfield>
   </datafield>
   <datafield tag="653" ind2=" " ind1=" ">
      <subfield code="a">Data protection</subfield>
   </datafield>
   <datafield tag="653" ind2=" " ind1=" ">
      <subfield code="a">Catalonia</subfield>
   </datafield>
   <datafield ind2="0" ind1="0" tag="245">
      <subfield code="a">La confidencialitat en l'assistència sanitària: del secret mèdic a la història clínica compartida a Catalunya</subfield>
   </datafield>
</record></metadata></record></GetRecord></OAI-PMH>